000 00433nam a2200181Ia 4500
001 10029
005 20260306161801.0
008 260306t1984||||xx |||||||||||||| ||spa||
041 _aESP
082 _aPE 869.56
_bV935 T. 2
100 _aVelez, Julio
_eAUT
245 0 _aEspaña en César Vallejo:
_bprosa
260 _c1984
300 _a266 páginas :
_c19 cm.
650 _aGEN
654 _aCHU
942 _cLIB
_dJUS
_fJUS
_2ddc
_n
999 _c10029
_d10029